Szczegóły MARC21

Bajki terapeutyczne dla dzieci /

003 -Nazwa inst., której nr kontr. jest w polu 001 [,]
    • @
    • Nazwa instytucji, której n kontrolny jest w polu 001
    • NUKAT
005 -DATA I CZAS OSTATNIEJ MODYFIKACJI [,]
    • @
    • pole kontrolne
    • 20250715173751.0
020 -Międzynarod. znormalizowany nr książki - ISBN [ , ]
    • a
    • Numer ISBN
    • 8372780102 Find
020 -Międzynarod. znormalizowany nr książki - ISBN [ , ]
    • a
    • Numer ISBN
    • 9788372780102 Find
040 -Instytucja sporządzająca opis [ , ]
    • a
    • Instytucja, która sporządziła opis (NP)
    • BYDG 24/MM
    • c
    • Instytucja, która sporządziła rekord (NP)
    • BYDG 24/MM
    • d
    • Instytucja, która zmodyfikowała rekord (P)
    • BYDG 24/MM
942 -Rodzaj dokumentu [ , ]
    • c
    • Rodzaj dokumentu
    • Książka
100 -Hasło główne - nazwa osobowa [1, ]
    • a
    • Nazwa osobowa (NP)
    • Molicka, Maria
    • c
    • Dopowiedzenie inne niż daty biograficzne (P)
    • (psycholog).
    • 9
    • KHW
    • 401090
245 -Strefa tytułu i oznaczenia odpowiedzialności [1,0]
    • a
    • Tytuł
    • Bajki terapeutyczne dla dzieci / Find
    • c
    • Pozostałe elementy strefy tytułu i oznaczenia odpowiedzialności (NP)
    • Maria Molicka.
250 -Strefa wydania [ , ]
    • a
    • Oznaczenie wydania (NP)
    • Wyd. 2 popr. i uzup. [dodr.].
260 -Strefa adresu wydawniczego [ , ]
    • a
    • Miejsce wydania (P)
    • Poznań :
    • b
    • Nazwa wydawcy (P)
    • Media Rodzina,
    • c
    • Data wydania (P)
    • [ca 2006].
300 -Strefa opisu fizycznego [ , ]
    • a
    • Określenie formy książki i/lub objętość (NP)
    • 207, [1] s., [11] k. tabl. ;
    • c
    • Format (NP)
    • 21 cm.
336 -Typ zawartości [ , ]
    • a
    • Termin opisujący typ zawartości
    • Tekst
    • b
    • Kod określający zawartość
    • txt
    • 2
    • Źródło (terminu i kodu)
    • rdacontent
337 -Typ mediów [ , ]
    • a
    • Tryb odtwarzania
    • Bez urządzenia pośredniczącego
    • b
    • Kod typu mediów
    • n
    • 2
    • Źródło (terminu i kodu)
    • rdamedia
338 -Typ/rodzaj nośnika [ , ]
    • a
    • Hasło opisujące typ nośnika
    • Wolumin
    • b
    • Kod typu nośnika
    • nc
    • 2
    • Źródło (terminu i kodu)
    • rdacarrier
500 -Uwaga ogólna [ , ]
    • a
    • Uwaga ogólna (NP)
    • Rok wyd. na s. red. cop. 1999.
080 -Uniwersalna Klasyfikacja Dziesiętna [ , ]
    • 2
    • Identyfikator wydania tablic
    • UDC-P022
    • a
    • Symbol klasyfikacji
    • 821.162.1-93
    • b
    • Dopowiedzenie
    • Literatura polska - literatura dla dzieci i młodzieży (do lat 16).
080 -Uniwersalna Klasyfikacja Dziesiętna [ , ]
    • 2
    • Identyfikator wydania tablic
    • UDC-P022
    • a
    • Symbol klasyfikacji
    • 821.162.1(091)-93
    • b
    • Dopowiedzenie
    • Literatura polska (historia) - literatura dla dzieci i młodzieży - opracowania krytyczne.
080 -Uniwersalna Klasyfikacja Dziesiętna [ , ]
    • 2
    • Identyfikator wydania tablic
    • UDC-P022
    • a
    • Symbol klasyfikacji
    • 159.922.7
    • b
    • Dopowiedzenie
    • Psychologia dziecka.
080 -Uniwersalna Klasyfikacja Dziesiętna [ , ]
    • 2
    • Identyfikator wydania tablic
    • UDC-P022
    • a
    • Symbol klasyfikacji
    • 615.851
    • b
    • Dopowiedzenie
    • Psychoterapia. Psychoanaliza jako terapia.
    • x
    • Poddział wspólny
    • -053.2
    • b
    • Dopowiedzenie
    • -dzieci ogólnie.
650 -Hasło przedmiotowe [ ,7]
    • a
    • Hasło przedmiotowe
    • Lęk u dzieci.
    • 2
    • Źródło terminu
    • kaba
    • 9
    • KHW
    • 117844
650 -Hasło przedmiotowe [ ,7]
    • a
    • Hasło przedmiotowe
    • Bajkoterapia.
    • 2
    • Źródło terminu
    • kaba
    • 9
    • KHW
    • 102568
655 -Hasło w funkcji tematu formalnego [ ,7]
    • a
    • Hasło
    • Bajki polskie
    • y
    • Określnik chronologiczny
    • 1990-.
    • 2
    • Źródło terminu
    • kaba
    • 9
    • KHW
    • 371603
980 -Symbol UKD [ , ]
    • a
    • UKD
    • 821.162.1-93:821.162.1(091)-93:159.922.7:615.851-053.2
920 -ISBN [ , ]
    • a
    • ISBN
    • 83-7278-010-2 Find
920 -ISBN [ , ]
    • a
    • ISBN
    • 978-83-7278-010-2 Find
Lokalizacja Status udost. Data inwentaryzacji Numer inwentarzowy
BG-32007-02-07Pd.18215
BG12007-02-07Pd.18214